000 00324nam a22001217a 4500
008 160423b xxu||||| |||| 00| 0 eng d
020 _a9780132541824
020 _a9780132541824
041 _aeng
080 _a618.2
245 _aMedical surgical Nursing;
_cPriscilla LeMone; Karen Burker; Gerene Bauldoff;
942 _2udc
_cBK
999 _c1537
_d1537